| 000 | 02039cam a22005654i 4500 | ||
|---|---|---|---|
| 003 | PE-LiUPU | ||
| 005 | 20250731170436.0 | ||
| 008 | 150625s r 000 0 d | ||
| 035 | _a(Sirsi) a31686 | ||
| 040 |
_aPE-LiUPU _bspa _cPE-LiUPU _erda |
||
| 049 | _aPRUA | ||
| 100 | 1 |
_aCollins, Gary, _eautor. |
|
| 245 | 1 | 0 |
_aHombre en transicion / _cGary Collins. |
| 264 | 1 |
_aE.E.U.U. : _bCaribe, _c1978. |
|
| 300 | _a | ||
| 336 |
_atext _2rdacontent |
||
| 337 |
_aunmediated _2rdamedia |
||
| 338 |
_avolume _2rdacarrier |
||
| 505 | 0 | _aLa psicología y el dirigente de la iglesia. - La niñez: los años formativos. - Adolescencia: los años tumultosos. - La juventud adulta: los años de asentamiento. - La edad madura y la ancianidad: los años de la sensatez. - Saquemos el mayor provecho de las tensiones. | |
| 526 | _aSEG68 | ||
| 526 | _aSEG70 | ||
| 526 | _aSEG69 | ||
| 526 | _aSEG67 | ||
| 526 | _aSEG43 | ||
| 526 | _aP144 | ||
| 526 | _aP143 | ||
| 526 | _aP131 | ||
| 526 | _aP122 | ||
| 526 | _aP120 | ||
| 526 | _aP117 | ||
| 526 | _aP112 | ||
| 526 | _aP110 | ||
| 526 | _aP106 | ||
| 526 | _aP101 | ||
| 526 | _aP80 | ||
| 526 | _aP59 | ||
| 526 | _aP54 | ||
| 526 | _aP35 | ||
| 526 | _aP33 | ||
| 526 | _aP30 | ||
| 942 |
_2ddc _cBOOK |
||
| 949 |
_a155.25 C72 _wDEWEY _c1 _i22457 _lCCODEBUL1 _mBUL _p00.00 _r0 _sY _tBOOK _u2015-06-25 _xBIBLIOTECA _zUNKNOWN _0COMPRA _o.STAFF. Colección General |
||
| 949 |
_a155.25 C72 _wDEWEY _c2 _i20128 _lCCODEBUL1 _mBUL _p00.00 _r0 _sY _tBOOK _u2015-06-25 _xBIBLIOTECA _zUNKNOWN _0COMPRA _o.STAFF. Colección General |
||
| 994 |
_aC0 _bPEPRU |
||
| 596 | _a1 | ||
| 999 |
_a155.25 C72 _wDEWEY _c39261 _i22457 _d39261 _e2019-4-8 _f2021-11-3 _g5 _lCCODEBUL1 _mBUL _n2 _q1 _r0 _sY _tBOOK _u2015-6-25 _xSALUD _zUNKNOWN _0COMPRA _o.STAFF. Colección General |
||
| 999 |
_a155.25 C72 _wDEWEY _c2 _i20128 _d2016-5-3 _e2016-4-24 _f2018-2-10 _g2 _lDISCARD _mBUL _n2 _r0 _sY _tBOOK _u2015-6-25 _xSALUD _zUNKNOWN _0COMPRA _o.STAFF. Colección General |
||
| 980 |
_81 _gALBERTO SANCHEZ Responsable de Automatización |
||